Stavebníctvo 2003 commercial building directory

Guardado en:
Detalles Bibliográficos
Formato: Libro
Lenguaje:eslovaco
Publicado: Bratislava INFOMA Business Trading 2003
Materias:
Etiquetas: Agregar Etiqueta
Sin Etiquetas, Sea el primero en etiquetar este registro!

MARC

LEADER 00000nam$a2200000$$$4500
001 0025421
005 20240318125924.8
020 |a 80-89087-06-X 
041 0 |a slo 
044 |a SK 
245 1 0 |a Stavebníctvo 2003  |b commercial building directory 
264 1 |a Bratislava  |b INFOMA Business Trading  |c 2003 
300 |a 151 s. 
610 2 0 |a stavebníctvo 
610 2 0 |a výrobky stavebné 
610 2 0 |a činnosť hospodárska 
610 2 0 |a podnikanie 
610 2 0 |a firmy 
610 2 0 |a podnik stavebný 
610 2 0 |a Slovensko 
610 2 0 |a 2003